Tous les Personnages du Tournoi Du Pouvoir - Statistiques

Statistiques générales
  • Ce quiz a été pris 20 fois
  • Le résultat moyen est 15 sur 80
Statistiques - réponses
Univers Personnages % Correct
Univers 7 C-17
94%
Univers 7 C-18
94%
Univers 7 Freezer
94%
Univers 7 Son Gohan
94%
Univers 7 Son Goku
94%
Univers 7 Vegeta
94%
Univers 7 Krilin
88%
Univers 7 Piccolo
82%
Univers 7 Tortue Géniale
82%
Univers 11 Jiren
76%
Univers 7 Ten Shin Han
76%
Univers 6 Kale
65%
Univers 11 Toppo
59%
Univers 6 Caulifla
47%
Univers 6 Hit
47%
Univers 11 Dispo
41%
Univers 6 Cabba
35%
Univers 6 Frost
35%
Univers 2 Brianne de Chateau / Ribrianne
29%
Univers 6 Botamo
24%
Univers 6 Dr.Rota
24%
Univers 6 Magetta
24%
Univers 9 Bergamo
18%
Univers 11 Cocotte
12%
Univers 4 Ganos
12%
Univers 6 Pilina
12%
Univers 2 Sanka Ku
12%
Univers 6 Saonel
12%
Univers 9 Basil
6%
Univers 3 Catopesra
6%
Univers 4 Caway
6%
Univers 4 Gammisalas
6%
Univers 2 Jimizu
6%
Univers 9 Lavender
6%
Univers 3 Maji Kayo
6%
Univers 4 Monna
6%
Univers 2 Rabanra
6%
Univers 3 Biarra
0%
Univers 2 Bikal
0%
Univers 3 Boraleta
0%
Univers 11 Casserale
0%
Univers 9 Chevil
0%
Univers 9 Comfrey
0%
Univers 4 Damom
0%
Univers 4 Dercori
0%
Univers 10 Dyrasen
0%
Univers 2 Hamira
0%
Univers 9 Hop
0%
Univers 9 Hyssop
0%
Univers 11 Kettle
0%
Univers 11 K'nsi
0%
Univers 3 Koitsukai
0%
Univers 10 Lilibeu
0%
Univers 4 Marjora
0%
Univers 10 Methiop
0%
Univers 10 Mulithim
0%
Univers 10 Murisam
0%
Univers 10 Napapa
0%
Univers 3 Narirama
0%
Univers 3 Nigrissi
0%
Univers 4 Ninku
0%
Univers 10 Obni
0%
Univers 9 Oregano
0%
Univers 3 Panzia
0%
Univers 3 Papperoni
0%
Univers 2 Prum
0%
Univers 9 Roselle
0%
Univers 10 Rubalt
0%
Univers 3 Sa-Priccio
0%
Univers 4 Shosa
0%
Univers 10 Sium
0%
Univers 9 Sorrel
0%
Univers 2 Su Roas
0%
Univers 11 Tupper
0%
Univers 11 Veon
0%
Univers 4 Xiangca
0%
Univers 2 Zabuto
0%
Univers 10 Zircol
0%
Univers 2 Zirloin
0%
Univers 11 Zoire
0%
Aucun quiz correspondant
Distribution des résultats
% des personnes avec chaque résultat
Percentile par nombre de réponses
Votre historique - résultats
Vous n’avez pas pris ce quiz